000 01926nam2a2200277 4500
001 RU\NLR\bibl\955295
005 20260405105131.0
021 _aRU
_b2006-21291
_91065
035 _a(NLR Aleph) 000943368
090 _a233933
_c233933
100 _a20060531d2005 |||y0rusy50 ca
101 0 _arus
102 _aRU
105 _aa |||||||||
200 1 _aОсновы теории ошибок
_fВ.В. Голубев
210 _d2005
_aБ. м.
215 _a70 с.
_cил.
320 _aБиблиогр.: с. 69 (15 назв.)
461 0 _1001RU\NLR\bibl\966618
_12001#$aТеория математической обработки геодезических измерений$vКн. 1
_9301183
_cМосква
_d2005
_fФедер. агенство по образованию, Моск. гос. ун-т геодезии и картографии
_nМИИГАиК
_oучебное пособие : для направления "Геодезия" и специальностей "Прикладная геодезия", "Астрономогеодезия", "Космическая геодезия", "Исследование природных ресурсов авиакосмическими средствами", "Аэрофотогеодезия", "Городской кадастр", "Картография" : в 2 кн.
_tТеория математической обработки геодезических измерений
_vКн. 1
606 1 _aГеодезические измерения
_jУчебные издания для высших учебных заведений
_xОшибок теория
_92221385
_3RU\NLR\auth\661333848
701 1 _4070
_8rus
_7ca
_aГолубев
_bВ. В.
_cканд. техн. наук
_gВладимир Викторович
_3RU\NLR\auth\7740487
_923439
801 0 _aRU
_bNLR
_c20060531
_grcr
801 1 _aRU
_bNLR
_c20060531
942 _cBOOK
980 _aNB